000 01145nam a2200313 i 4500
003 EG-GICUC
005 20260221191243.0
008 260216s2002 ua ||||fr ||| 00| 0 ara d
017 _a2002/20312
020 _a9770183083
040 _aEG-GICUC
_cEG-GICUC
_dEG-GICUC
_erda
_bara
041 0 _aara
082 0 4 _221
_a341.76
_bن ا . ح
092 0 4 _221
099 _aLaw1 11 341.76 ن ا . ح 2002
100 0 _aناصر جلال
_eمؤلف.
245 1 2 _aحقوق الملكية الفكرية و أثرها علي إقتصاديات الثقافة و الإتصال و الإعلام /
_cناصر جلال .
264 0 _aمصر :
_bالهيئة المصرية العامة للكتاب ,
_c2002 .
300 _a249 صفحة ؛
_c30 سم.
336 _atext
_2rda content
337 _aComputer
_2rda media
338 _aOnline Resource
_2rda carrier
546 _aالنص باللغة العربية
650 0 4 _aالقانون الدولي العام
650 0 4 _aالعلاقات الثقافية الدولية
856 _uhttps://fll.law.cu.edu.eg/fulltext/th/B11-07703.pdf
905 _a59
942 _2ddc
_cBK
_e21
_n0
999 _c63194
_d63194